000 00507nam a22001697a 4500
003 OSt
005 20260204161523.0
008 260204b |||||||| |||| 00| 0 eng d
040 _cMRSPTU
041 _aEnglish
100 _aUmesh Kumar Sharma, Supervisor: Dr. Bal Krishan
245 _aMix Design Methods of Concrete
260 _bDepartment of Civil Engg. MRSPTU, Bathinda
_c2014
650 _aCivil Engineering
856 _uhttp://163.47.215.52:8080/jspui/handle/123456789/1045
942 _2ddc
_cTH
_n0
999 _c10855
_d10855